| 000 | 01182nam a22002897i 4500 | ||
|---|---|---|---|
| 003 | EG-ScBUE | ||
| 005 | 20240523112904.0 | ||
| 008 | 220731s2018 ua f 000 0 ara d | ||
| 017 | _a2008 / 16382 | ||
| 020 | _a9789779056586 | ||
| 040 |
_aEG-ScBUE _bara _erda _cEG-ScBUE _dEG-ScBUE |
||
| 082 | 0 | 4 |
_222 _a341 _bق ا ض |
| 100 | 1 |
_aقاضي، خالد محمد، _d1967- _eمؤلف. |
|
| 245 | 1 | 0 |
_aقاض مصري في لاهاي : _bدراسات ومقالات في القانون الدولي / _cالقاضي الدكتور خالد محمد القاضي، الحائز على شهادة الجدارة من أكاديمية لاهاي للقانون الدولي. |
| 250 | _aالطبعة الأولى. | ||
| 250 | _aطبعة خاصة. | ||
| 264 | 1 |
_aالقاهرة : _bدار النهضة العربية، _c2018. |
|
| 300 |
_a400 صفحة ؛ _c24 سم |
||
| 336 |
_2rdacontent _aنص _btxt |
||
| 337 |
_2rdamedia _aبدون وسيط _bn |
||
| 338 |
_2rdacarrier _aمجلد _bnc |
||
| 500 | _aيشتمل على ملاحق. | ||
| 541 |
_cDonation ; _aProf. Hassan Abdel Hamid. |
||
| 650 | 7 |
_aالقانون الدولي. _2BUEsh |
|
| 655 | _vReading book | ||
| 942 | _2ddc | ||
| 999 |
_c30759 _d30730 |
||